Thesis Open Access
TIGIST GEZAHEGN
<?xml version='1.0' encoding='UTF-8'?>
<record xmlns="http://www.loc.gov/MARC21/slim">
<leader>00000nam##2200000uu#4500</leader>
<controlfield tag="005">20250605132942.0</controlfield>
<controlfield tag="001">7392</controlfield>
<datafield tag="856" ind1="4" ind2=" ">
<subfield code="s">1152535</subfield>
<subfield code="z">md5:4577b3c303d24d90eccccc2219f78f87</subfield>
<subfield code="u">https://zenodo.org/record/7392/files/MA Thesis of Tigist Gezahegn2017.pdf</subfield>
</datafield>
<datafield tag="542" ind1=" " ind2=" ">
<subfield code="l">open</subfield>
</datafield>
<datafield tag="260" ind1=" " ind2=" ">
<subfield code="c">2025-06-05</subfield>
</datafield>
<datafield tag="909" ind1="C" ind2="O">
<subfield code="p">user-70</subfield>
<subfield code="o">oai:zenodo.org:7392</subfield>
</datafield>
<datafield tag="100" ind1=" " ind2=" ">
<subfield code="u">KUE</subfield>
<subfield code="a">TIGIST GEZAHEGN</subfield>
</datafield>
<datafield tag="245" ind1=" " ind2=" ">
<subfield code="a">THE EFFECTIVENESS OF PEER-MEDIATED INTERVENTIONS FOR IMPROVING SOCIAL SKILLS IN STUDENTS WITH DOWN SYNDROME: A STUDY AT DEBORAH ACADEMY, ADDIS ABABA</subfield>
</datafield>
<datafield tag="980" ind1=" " ind2=" ">
<subfield code="a">user-70</subfield>
</datafield>
<datafield tag="540" ind1=" " ind2=" ">
<subfield code="a">Other (Open)</subfield>
</datafield>
<datafield tag="650" ind1="1" ind2="7">
<subfield code="a">cc-by</subfield>
<subfield code="2">opendefinition.org</subfield>
</datafield>
<datafield tag="520" ind1=" " ind2=" ">
<subfield code="a"><p>IN PARTIAL FULFILLMENT OF THE REQUIREMENTS FOR THE DEGREE OF MASTERS OF ARTS (MA) IN EDUCATIONAL PSYCHOLOGY<br>
&nbsp;</p></subfield>
</datafield>
<datafield tag="773" ind1=" " ind2=" ">
<subfield code="n">doi</subfield>
<subfield code="i">isVersionOf</subfield>
<subfield code="a">10.20372/nadre:7391</subfield>
</datafield>
<datafield tag="024" ind1=" " ind2=" ">
<subfield code="a">10.20372/nadre:7392</subfield>
<subfield code="2">doi</subfield>
</datafield>
<datafield tag="980" ind1=" " ind2=" ">
<subfield code="a">publication</subfield>
<subfield code="b">thesis</subfield>
</datafield>
</record>
| All versions | This version | |
|---|---|---|
| Views | 0 | 0 |
| Downloads | 0 | 0 |
| Data volume | 0 Bytes | 0 Bytes |
| Unique views | 0 | 0 |
| Unique downloads | 0 | 0 |